New cutting edge. (Record no. 14840)
[ view plain ]
| 000 -LEADER | |
|---|---|
| fixed length control field | 01198cam a22002895a 4500 |
| 003 - CONTROL NUMBER IDENTIFIER | |
| control field | EG-ScBUE |
| 005 - DATE AND TIME OF LATEST TRANSACTION | |
| control field | 20220518110607.0 |
| 008 - FIXED-LENGTH DATA ELEMENTS--GENERAL INFORMATION | |
| fixed length control field | 101122s2005 enka f 000 0 eng d |
| 020 ## - INTERNATIONAL STANDARD BOOK NUMBER | |
| International Standard Book Number | 0582825288 |
| 020 ## - INTERNATIONAL STANDARD BOOK NUMBER | |
| International Standard Book Number | 9780582825284 |
| 040 ## - CATALOGING SOURCE | |
| Original cataloging agency | EG-ScBUE |
| Language of cataloging | eng |
| Description conventions | rda |
| Transcribing agency | EG-ScBUE |
| Modifying agency | EG-ScBUE |
| 082 04 - DEWEY DECIMAL CLASSIFICATION NUMBER | |
| Classification number | 428.24 |
| Item number | COM |
| Edition number | 22 |
| 100 1# - MAIN ENTRY--PERSONAL NAME | |
| Personal name | Comyns Carr, Jane, |
| Relator term | author. |
| 9 (RLIN) | 14285 |
| 245 10 - TITLE STATEMENT | |
| Title | New cutting edge. |
| Name of part/section of a work | Upper intermediate. |
| -- | Workbook / |
| Statement of responsibility, etc | Jane Comyns Carr, Frances Eales. |
| 264 #1 - PUBLICATION, DISTRIBUTION, ETC. (IMPRINT) | |
| Place of publication, distribution, etc | Harlow, England : |
| Name of publisher, distributor, etc | Pearson Education Limited, |
| Date of publication, distribution, etc | 2005. |
| 300 ## - PHYSICAL DESCRIPTION | |
| Extent | 111 pages : |
| Other physical details | illustrations ; |
| Dimensions | 29 cm |
| 336 ## - CONTENT TYPE | |
| Source | rdacontent |
| Content type term | text |
| Content type code | txt |
| 337 ## - MEDIA TYPE | |
| Source | rdamedia |
| Media type term | unmediated |
| Media type code | n |
| 338 ## - CARRIER TYPE | |
| Source | rdacarrier |
| Carrier type term | volume |
| Carrier type code | nc |
| 520 ## - SUMMARY, ETC. | |
| Summary, etc | This course translates the theory of task-based learning into a practical and user-friendly coursebook, recognizing that the performance of regular spoken and written tasks is crucial to successful language acquisition. |
| 650 #7 - SUBJECT ADDED ENTRY--TOPICAL TERM | |
| Topical term or geographic name as entry element | English language |
| Form subdivision | Textbooks for foreign speakers. |
| Source of heading or term | BUEsh |
| 9 (RLIN) | 13993 |
| 651 ## - SUBJECT ADDED ENTRY--GEOGRAPHIC NAME | |
| Source of heading or term | BUEsh |
| 653 ## - INDEX TERM--UNCONTROLLED | |
| Resource For college | Humanities: English |
| Arrived date list | August2015 |
| -- | December2018 |
| -- | July2019 |
| 655 ## - INDEX TERM--GENRE/FORM | |
| Form subdivision | Reading book |
| 9 (RLIN) | 34232 |
| 700 1# - ADDED ENTRY--PERSONAL NAME | |
| Personal name | Eales, Frances, |
| Relator term | author. |
| 9 (RLIN) | 9991 |
| 942 ## - ADDED ENTRY ELEMENTS (KOHA) | |
| Source of classification or shelving scheme | Dewey Decimal Classification |
| Koha item type | Book - Borrowing |
| Withdrawn status | Lost status | Source of classification or shelving scheme | Materials specified (bound volume or other part) | Damaged status | Not for loan | Collection code | Home library | Current library | Shelving location | Date acquired | Source of acquisition | Total Checkouts | Full call number | Barcode | Date last seen | Koha item type | Total Renewals | Date checked out |
|---|---|---|---|---|---|---|---|---|---|---|---|---|---|---|---|---|---|---|
| Lost | Dewey Decimal Classification | Lost In Inventory_2015-8-23 | Baccah | Central Library | Central Library | Second Floor | 22/11/2010 | 428.24 COM | 000004740 | 22/11/2010 | Book - Borrowing | |||||||
| Dewey Decimal Classification | Baccah | Central Library | Central Library | Second Floor | 22/11/2010 | 428.24 COM | 000004742 | 15/07/2025 | Book - Borrowing | |||||||||
| Dewey Decimal Classification | Baccah | Central Library | Central Library | Second Floor | 22/11/2010 | 428.24 COM | 000039483 | 11/06/2024 | Book - Borrowing | |||||||||
| Lost | Dewey Decimal Classification | Lost In Inventory_2005-2015/8/22 | Baccah | Central Library | Central Library | Second Floor | 22/11/2010 | 428.24 COM | 000004747 | 22/11/2010 | Book - Borrowing | |||||||
| Dewey Decimal Classification | Baccah | Central Library | Central Library | Second Floor | 22/11/2010 | Purchase | 2 | 428.24 COM | 000004744 | 15/07/2025 | Book - Borrowing | 1 | 20/11/2011 | |||||
| Dewey Decimal Classification | Baccah | Central Library | Central Library | Second Floor | 22/11/2010 | 2 | 428.24 COM | 000004743 | 15/07/2025 | Book - Borrowing | 1 | 01/02/2012 | ||||||
| Dewey Decimal Classification | Baccah | Central Library | Central Library | Second Floor | 22/11/2010 | 1 | 428.24 COM | 000004746 | 11/06/2024 | Book - Borrowing | 1 | 22/11/2010 |